LIBRARY & INFORMATION CENTRE, KCAET, TAVANUR

ONLINE PUBLIC ACCESS CATALOGUE (OPAC)

Micro-studies in community development, Panchayati raj and co-operation / (Record no. 1636)

MARC details
000 -LEADER
fixed length control field 00490cam a2200169ua 4500
041 ## - LANGUAGE CODE
Language code of text/sound track or separate title eng
082 ## - DEWEY DECIMAL CLASSIFICATION NUMBER
Classification number 307.14
Item number BIS/MI
100 ## - MAIN ENTRY--AUTHOR NAME
Personal name Bishwa Bandhu, Chatterjee .
245 ## - TITLE STATEMENT
Title Micro-studies in community development, Panchayati raj and co-operation /
260 ## - PUBLICATION, DISTRIBUTION, ETC. (IMPRINT)
Place of publication Delhi :
Name of publisher Sterling publishers pvt Ltd ,
Year of publication 1969.
300 ## - PHYSICAL DESCRIPTION
Number of Pages 213 ; .
942 ## - ADDED ENTRY ELEMENTS (KOHA)
Koha item type Books
Holdings
Withdrawn status Lost status Damaged status Home library Current library Date acquired Full call number Accession Number Koha item type
Withdrawn     KAUAET Sanskrit University 07/04/2012 307.14 13086 Books
free website counter